LEADER 01422nam a2200265 4500 001 000000356695 003 CaOOAMICUS 005 20240123153524.0 008 240110s2021 pl a 000 u eng r 040 $aSeMil$bita 100 1 $aPieroni, Vittorio,$d<1971- >.$0(OLS)http://semarc/name/56118 245 12$aA new caenogastropod from the upper Rhaetian of Lombardy :$bpalaeobiogeographical history and implications for the Early Jurassic gastropod recovery /$cVittorio Pieroni, Stefano Monari and Jonathan A. Todd. 264 1$a[S.l. :$bs.n.],$c2021. 300 $aP. 193-206 :$bill. ;$c28 cm 500 $aEstratto da: Acta palaeontologica polonica, 66 (1), 2021. 650 4$aGasteropodi - Paleontologia.$0(OLS)http://semarc/subject/54919 650 4$aLombardia - Paleontologia - Triassico.$0(OLS)http://semarc/subject/54897 700 1 $aTodd, Jonathan A.$0(OLS)http://semarc/name/118922 700 1 $aMonari, Stefano.$0(OLS)http://semarc/name/118921 850 $aSeMil 852 $aSeMil$W1$xVenegono$y1$m5B XI 8/40$j245594$B247884$CSeMilBibl$Z2$F247884 $81 961 $aPieroni, Vittorio - Omaggio 996 $6245$aA new caenogastropod from the upper Rhaetian of Lombardy :$bpalaeobiogeographical history and implications for the Early Jurassic gastropod recovery$9(OLS)http://semarc/title/446946 996 $6264$a[S.l. :$bs.n.]$9(OLS)http://semarc/publisher/29751 LEADER 01095nam a2200277 i 4500 001 000000173568 003 CaOOAMICUS 005 20080722000000.0 008 080722s1996 it u000 u ita u 013 $a151021 020 $a88-7684-391-4 040 $aSeMil$bita 100 1 $aPinkola Estés, Clarissa <1945- >.$0(OLS)http://semarc/name/93636 245 13$aIl giardiniere dell'anima /$cClarissa Pinkola Estés ; traduzione di Maura Pizzorno. 250 $a12. Ed. 260 $aMilano :$bFrassinelli,$c1996. 300 $a97 p. ;$c22 cm. 490 0 $aSaggistica Frassinelli 700 1 $aPizzorno, Maura.$0(OLS)http://semarc/name/35932 830 0$aSaggistica Frassinelli.$0(OLS)http://semarc/title/19471 850 $aSeMil 852 $aSeMil$W1$xVenegono$y1$m1T II 36$j235997$B124413$CSeMilBibl$Z2$F135551 $81 961 $aLascito: Basadonna mons. Giorgio 996 $6020$a88-7684-391-4$9(OLS)http://semarc/number/161259 996 $6245$aIl giardiniere dell'anima$9(OLS)http://semarc/title/248670 996 $6260$aMilano :$bFrassinelli$9(OLS)http://semarc/publisher/32313